000 00404pab a2200169 454500
008 180718b2001 xxu||||| |||| 00| 0 eng d
100 _aBhandare, S.S.
245 _aThe blurry beanstalk
260 _c2001
300 _ap.14
362 _a12 Jul
650 _aAgriculture
650 _aRural development - India
650 _aRural development
773 _aHindu (Business Line)
909 _a50482
999 _c50482
_d50482